000 00461nam a2200181Ia 4500
001 5117
005 20260306145844.0
008 260306t2010||||xx |||||||||||||| ||spa||
041 _aESP
082 _a332.024
_bK449
100 _aKiyosaki, Robert T.,
_eAUT
245 0 _aLa conspiración de los ricos :
_blas 8 nuevas reglas del dinero
260 _c2010
300 _a351 pƔginas :
_c23 cm.
650 _aGEN
654 _aCAN
942 _cLIB
_dJUS
_fJUS
_2ddc
_n
999 _c5117
_d5117